| 000 | 00810ntm a22002297a 4500 | ||
|---|---|---|---|
| 005 | 20170813140351.0 | ||
| 008 | 170802s2014 xx a frb 000 0 eng d | ||
| 040 |
_aEG-ScBUE _beng _cEG-ScBUE |
||
| 082 | 0 | 4 |
_222 _a624 _bOSA |
| 100 | 1 | _aOsama, Hossam. | |
| 245 | 1 | 0 |
_aMinimizing site accidents through lean principles application in construction / _cHossam Osama. |
| 260 | _c2014. | ||
| 300 |
_aviii, 56 p. : _bill. (col.) ; _c28 cm. |
||
| 500 | _aA dissertation submitted to The Faculty of Engineering the British University in Egypt, in partial fulfillment of the for the bachelore degree in civil engineering. | ||
| 590 | _anaira | ||
| 650 | 7 |
_2BUEsh _aCivil engineering _vProjects |
|
| 653 |
_bENGCIV _cAugust2017 |
||
| 655 | _vSPRO | ||
| 700 | 1 |
_aOthman, Ayman. _eths |
|
| 777 | _ASPRO | ||
| 942 | _2ddc | ||
| 999 |
_c25329 _d25301 |
||